000
00326nam a2200121Ia 4500
008
230627s9999 xx 000 0 und d
041
_a
eng
082
_a
346.043 6
_b
DIV
100
_a
Divekar G.M
245
_a
Law And Practice Of Property Transaction In India
250
_a
3ed.
260
_a
Pune
_b
Hind Law Publications
_c
1999
999
_c
702689
_d
702689